La rebelión de los jóvenes: un estudio sobre anomia social
Na minha lista:
| Autor principal: | |
|---|---|
| Formato: | Livro |
| Idioma: | espanhol |
| Publicado em: |
Santiago
Sur
1984
|
| Colecção: | Estudios Sociales
|
| Assuntos: | |
| Tags: |
Adicionar Tag
Sem tags, seja o primeiro a adicionar uma tag!
|
MARC
| LEADER | 00000nam a2200000 a 4500 | ||
|---|---|---|---|
| 001 | UCP5940 | ||
| 003 | CL-VaPUC | ||
| 008 | 991001e19840000CL |||||||||||||||||spa|d | ||
| 082 | 0 | 4 | |a 303.62 |b VAL |2 21 |
| 100 | 0 | |a Valenzuela, Eduardo |e author |9 434617 | |
| 245 | 1 | 3 | |a La rebelión de los jóvenes: un estudio sobre anomia social |
| 300 | |a 123 p | ||
| 942 | |c BK | ||
| 945 | |d 19991001 00:00:00 |a crobeson | ||
| 260 | |a Santiago |b Sur |c 1984 | ||
| 650 | 0 | |a Conflicto social |9 255404 | |
| 650 | 0 | |a Problemas sociales |9 258537 | |
| 650 | 0 | |a Alienación social |9 343768 | |
| 650 | 7 | |a CONFLICTO POLITICO |2 CL-VaPUC |9 344341 | |
| 650 | 7 | |a DISTURBIOS CIVILES |2 CL-VaPUC |9 434618 | |
| 650 | 7 | |a MALESTRAR SOCIAL |2 CL-VaPUC |9 434619 | |
| 650 | 0 | |a Agitación estudiantil |9 338190 | |
| 650 | 0 | |a Drogadicción |9 331967 | |
| 651 | 7 | |a CHILE |2 CL-VaPUC |9 434620 | |
| 583 | |a last modification |c 19991001 00:00:00 |k Rodrigo Vera | ||
| 490 | 0 | |a Estudios Sociales | |
| 999 | |c 283577 |d 283575 | ||
| 952 | |0 0 |1 0 |4 0 |6 303_620000000000000_VAL_1984 |7 0 |8 A |9 326844 |a BIBHIS |b BIBHIS |d 2019-11-20 |i 1358227 |o 303.62 VAL 1984 |p 1358227 |r 2025-01-20 |w 2019-11-20 |y BK |k HIS | ||